Statistics for Geography Quiz (Part 1)

Click here to take the quiz!

General Stats

  • This quiz has been taken 38 times
  • The average score is 19 of 30

Answer Stats

HintAnswer% Correct
The island of Greenland is owned by which country?Denmark
90%
Which country is expected to surpass China in population by the early 2020s? (As of 2017)India
90%
The capital of which country is located on the island of Java?Indonesia
90%
Which US city is the third largest in terms of population?Chicago
84%
Which country is connected to Saudi Arabia by the King Fahd Causeway?Bahrain
81%
In which country is Ankgor Wat, the largest religious monument in the world, located?Cambodia
81%
A Cedar tree is featured on the flag of which country?Lebanon
81%
Which river creates the southern border of Texas with Mexico?Rio Grande
81%
Which Spanish-speaking country is named after Venice, Italy?Venezuela
81%
What is the name of the island shared by Haiti and Dominican Republic?Hispaniola
77%
Which island country used to be known as Ceylon?Sri Lanka
77%
Which US state reaches the farthest west?Alaska
74%
K2, the second highest peak in the world, is located on the border with China and which other country?Pakistan
74%
What is the capital city of the largest country in Africa by land area?Algiers
71%
The Great Barrier Reef is off the coast of which Australian state?Queensland
71%
What is the most populous city in South America?Sao Paulo
71%
The ancient city of Carthage is located in which present-day country?Tunisia
71%
What is the official language in Equatorial Guinea?Spanish
65%
Bandar Seri Begawan is the capital of which country?Brunei
58%
What is the smallest Canadian province by land area?Prince Edward Island
58%
The southernmost part of the Delmarva Peninsula is owned by which US state?Virginia
58%
What is the judicial capial of South Africa?Bloemfontein
52%
What is the largest US state east of the Mississippi River by land area?Georgia
52%
In which African city do the White Nile and the Blue Nile meet?Khartoum
45%
What is the largest and most populous island of the Philippines?Luzon
45%
The Kiel Canal connects the Baltic Sea to which other body of water?North Sea
45%
In which US state was the Battle of Antietam fought during the Civil War?Maryland
39%
Which country has the fastest average Wi-FI? (As of 2017)South Korea
39%
Which strait separates the island of Sumatra from the Malay Peninsula?Strait of Malacca
29%
What is the largest lake in Florida?Lake Okeechobee
19%

Score Distribution

Percentile by Number Answered

Percent of People with Each Score

Your Score History

You have not taken this quiz